000 00328 a2200121 4500
020 _a047125231X
082 _a624.151362 BUD
100 _aBudhu, Muni
245 _aSoil Mechanics & Foundations/
_cMuni Budhu
260 _aUSA :
_bJohn Willey and Sons,
_c1999
300 _axxv, 586p. :
_bill. ;
_c25 cm
_eCD
650 _aSoil Mechanics
650 _aFoundations
999 _c1146
_d1146